| 000 | 00748nam a22002057a 4500 | ||
|---|---|---|---|
| 999 |
_c18061 _d18061 |
||
| 003 | AR-CdUCM | ||
| 008 | 190511b ||||| |||| 00| 0 spa d | ||
| 040 |
_aMUNICIPALIDAD PROVINCIAL DEL CUSCO _cBIBLIOTECA MUNICIPAL DEL CUSCO |
||
| 082 |
_a900 / _bL63 |
||
| 100 |
_aLiebert, Charles _938422 |
||
| 245 |
_aLos grandes sucesos de la historia del mundo : _bInformación esencial de los mas importantes acontecimientos de la historia / |
||
| 260 |
_aMéxico : _bDiana, _c1965. |
||
| 300 |
_a252 páginas ; _c19 cm. |
||
| 505 | _aContenido : Acontecimientos importantes de la historia ... | ||
| 650 |
_aAcontecimientos _935522 |
||
| 650 |
_aHistoria _9136 |
||
| 700 |
_aMurphy, Anne Dyer _938423 |
||
| 942 |
_2ddc _cLIBROS |
||
| 945 |
_arah _d2019/05/11 |
||